ARRUPE JESUIT UNIVERSITY

CORONAVIRUS -STOP THE SPREAD - CLEAN,DISINFECT,COVER

Zimbabwe : (Record no. 130722)

MARC details
000 -LEADER
fixed length control field 01002cam a2200289 i 4500
001 - CONTROL NUMBER
control field 19132326
003 - CONTROL NUMBER IDENTIFIER
control field ARRUPE
005 - DATE AND TIME OF LATEST TRANSACTION
control field 20211008092421.0
008 - FIXED-LENGTH DATA ELEMENTS--GENERAL INFORMATION
fixed length control field 160611s2015 rh b 000 0 eng
010 ## - LIBRARY OF CONGRESS CONTROL NUMBER
LC control number 2015334241
020 ## - INTERNATIONAL STANDARD BOOK NUMBER
International Standard Book Number 9780797464629
040 ## - CATALOGING SOURCE
Original cataloging agency DLC
Language of cataloging eng
Transcribing agency DLC
Description conventions rda
042 ## - AUTHENTICATION CODE
Authentication code lcode
-- pcc
043 ## - GEOGRAPHIC AREA CODE
Geographic area code f-rh---
050 00 - LIBRARY OF CONGRESS CALL NUMBER
Classification number JQ2785
Item number .Z56 2015
300 ## - PHYSICAL DESCRIPTION
Dimensions 21 cm
245 00 - TITLE STATEMENT
Title Zimbabwe :
Remainder of title the challenges of democratisation and economic recovery /
Statement of responsibility, etc Ibbo Mandaza and Dave Peterson (editors).
246 30 - VARYING FORM OF TITLE
Title proper/short title Challenges of democratisation and economic recovery
300 ## - PHYSICAL DESCRIPTION
Extent 158 pages ;
504 ## - BIBLIOGRAPHY, ETC. NOTE
Bibliography, etc Includes bibliographical references.
650 #0 - SUBJECT ADDED ENTRY--TOPICAL TERM
Topical term or geographic name as entry element Democratization
General subdivision Economic aspects
Geographic subdivision Zimbabwe.
9 (RLIN) 50355
651 #0 - SUBJECT ADDED ENTRY--GEOGRAPHIC NAME
Geographic name Zimbabwe
General subdivision Politics and government.
700 1# - ADDED ENTRY--PERSONAL NAME
Personal name Mandaza, Ibbo,
Relator term editor.
9 (RLIN) 23206
700 1# - ADDED ENTRY--PERSONAL NAME
Personal name Peterson, Dave,
Relator term editor.
9 (RLIN) 50356
906 ## - LOCAL DATA ELEMENT F, LDF (RLIN)
a 7
b cbc
c origode
d 3
e ncip
f 20
g y-gencatlg
942 ## - ADDED ENTRY ELEMENTS (KOHA)
Source of classification or shelving scheme Library of Congress Classification
Koha item type Monograph ( Printed materials)
Holdings
Withdrawn status Lost status Source of classification or shelving scheme Damaged status Not for loan Collection code Home library Current library Shelving location Date acquired Total Checkouts Full call number Barcode Date last seen Price effective from Koha item type
    Library of Congress Classification     Main Collection ARRUPE LIBRARY ARRUPE LIBRARY Main Collection 08/10/2021   JQ2785 .Z56 2015 46600007389 08/10/2021 08/10/2021 Monograph ( Printed materials)

 

Arrupe Library. PO Box MP320 Mt Pleasant, Harare, Zimbabwe
263 242 745411|librarian@aju.ac.zw